书目信息 |
| 题名: |
单片机原理及接口技术
|
|
| 作者: | 陈雪丽 主编 | |
| 分册: | ||
| 出版信息: | 北京 化学工业出版社 2005.01 |
|
| 页数: | 192页 | |
| 开本: | 26cm | |
| 丛书名: | ||
| 单 册: | ||
| 中图分类: | TP368.1 | |
| 科图分类: | ||
| 主题词: | 单片微型计算机--dan pian wei xing ji suan ji--接口设备--高等学校--教材 | |
| 电子资源: | ||
| ISBN: | 7-5025-5861-6 | |
| 000 | 00871nam0 2200253 450 | |
| 001 | 0132183547 | |
| 005 | 20060119143223.17 | |
| 010 | @a7-5025-5861-6@dCNY25.00 | |
| 100 | @a20060119d2005 km y0chiy0121 ea | |
| 101 | 0 | @achi |
| 102 | @aCN@b110000 | |
| 105 | @aa a 000yy | |
| 200 | 1 | @a单片机原理及接口技术@Adan pian ji yuan li ji jie kou ji shu@f陈雪丽主编@Fchen xue li zhu bian |
| 210 | @a北京@c化学工业出版社@d2005.01 | |
| 215 | @a192页@c图@d26cm | |
| 305 | @a本书实际出版为2004年 | |
| 320 | @a有书目 (第192页)。 | |
| 330 | @a本书内容包括微型计算机基础知识、指令系统、汇编语言程序设计、中断系统、存储器扩展技术等。 | |
| 333 | @a高等学校教材 | |
| 606 | 0 | @a单片微型计算机@Adan pian wei xing ji suan ji@x接口设备@x高等学校@x教材 |
| 690 | @aTP368.1@v4 | |
| 701 | 0 | @a陈雪丽@Achen xue li@4主编 |
| 801 | 0 | @aCN@bQSSK@c20060119 |
| 905 | @a10447@dTP368.1@eC603 | |
| 单片机原理及接口技术/陈雪丽主编.-北京:化学工业出版社,2005.01 |
| 192页:图;26cm |
| 使用对象:高等学校教材 |
| ISBN 7-5025-5861-6:CNY25.00 |
| 本书内容包括微型计算机基础知识、指令系统、汇编语言程序设计、中断系统、存储器扩展技术等。 |
| ● |
| 相关链接 |
|
|
|
正题名:单片机原理及接口技术
索取号:TP368.1/C603
 
预约/预借
| 序号 | 登录号 | 条形码 | 馆藏地/架位号 | 状态 | 备注 |
| 1 | 552372 | 205523726 | 自科二线404/404自科库 14排5列6层/ [索取号:TP368.1/C603] | 在馆 | |
| 2 | 552373 | 205523735 | 自科库301/301自科库 62排5列2层/ [索取号:TP368.1/C603] | 在馆 | |
| 3 | 552374 | 205523744 | 自科库301/301自科库 62排5列2层/ [索取号:TP368.1/C603] | 在馆 |